The Cultural Revolution in China /

Gespeichert in:
Bibliographische Detailangaben
1. Verfasser: Robinson, Joan (autor)
Format: Buch
Sprache:Englisch
Veröffentlicht: Middlesex, Inglaterra : Penguin, 1972, c1972
Schriftenreihe:(Pelican Books) [s.n.]
Schlagworte:
Tags: Tag hinzufügen
Keine Tags, Fügen Sie das erste Tag hinzu!

MARC

LEADER 00000nam^a2200000^a^4500
001 000259810
005 20250521000000.0
009 20260310110417.247
037 |a Acervo Xavier Clavigero 
041 |a ING 
082 |a 320. 95105  |b ROB 
100 |a Robinson, Joan  |e (autor) 
245 1 4 |a The Cultural Revolution in China /  |c J. Robinson. 
264 4 |a Middlesex, Inglaterra :  |b Penguin,  |c 1972, c1972 
300 |a 154 p. 
336 |a texto  |b txt  |2 rdacontenido 
337 |a sin mediación  |b n  |2 rdamedio 
338 |a volumen  |b nc  |2 rdasoporte 
440 1 |a (Pelican Books) [s.n.] 
649 |a XX 
650 |a Jefes de Estado Chinos 
650 |a Políticos Chinos 
650 |a Maoísmo 
650 |a Ideología -  |z China 
650 |a Cambios Sociales y Culturales -  |z China -  |x Historia 
650 |a Revolución Cultural (China) 
650 |a Desarrollo Económico-Social -  |x Historia -  |y Período de la República Popular, 1949 en Adelante 
650 |a Comunismo -  |z China -  |x Historia -  |y Período de la República Popular, 1949 en Adelante 
650 |a Política Exterior -  |z China -  |x Historia -  |y Período de la República Popular, 1949 en Adelante 
650 |a Política -  |z China -  |x Historia -  |y Siglo XX 
910 |a Fondo General 
920 |a Impresos - Libros 
930 |a Colección General 
905 |a 101 
901 |a 0500123533  |b IT1  |c ACC  |u 20250521 
902 |a https://opac.biblio.iteso.mx/vufind/Record/000259810